Normal view
MARC view
- Curtin, Dennis P
Entry Personal Name
001 - CONTROL NUMBER
- control field: 74009
003 - CONTROL NUMBER IDENTIFIER
- control field: NUST
005 - DATE AND TIME OF LATEST TRANSACTION
- control field: 20210628205121.0
008 - FIXED-LENGTH DATA ELEMENTS
- fixed length control field: 210628|| aca||aabn | a|a d
040 ## - CATALOGING SOURCE
- Original cataloging agency: NUST
- Transcribing agency: NUST
100 ## - HEADING--PERSONAL NAME
- Personal name: Curtin, Dennis P
670 ## - SOURCE DATA FOUND
- Source citation: Work cat.: (NUST): Curtin, Dennis P, Wordperfect 6.0 for windows by pictorial, 1995
